| 000 | 01110pam a2200349 a 4500 | ||
|---|---|---|---|
| 001 | 4613 | ||
| 003 | FISKH | ||
| 005 | 20240918101647.0 | ||
| 008 | 961007s1997 nyua b 000 1 eng | ||
| 010 | _a 96047357 | ||
| 020 | _a0670873543 (alk. paper) | ||
| 020 | _a9780141302737 | ||
| 040 |
_aDLC _cDLC _dDLC _beng |
||
| 050 | _aPZ7.A2615 | ||
| 082 | _a310 | ||
| 100 | 1 | _aAdler, David A. | |
| 245 | 1 | 0 |
_aYoung Cam Jansen and the lost tooth / _cby David A. Adler ; illustrated by Susanna Natti. |
| 260 |
_aNew York : _bPenguin Young Readers, _c1997. |
||
| 300 |
_a32 pages : _bcolor illustrations ; _c23 cm |
||
| 490 |
_aPenguin Young Readers _vLevel 3 |
||
| 505 | _aJ | ||
| 520 | _aCam uses her photographic memory to help a classmate find the tooth she lost at school. | ||
| 521 | 8 |
_a470
_bLexile |
|
| 521 | 8 |
_aJ
_bRaz-Plus |
|
| 650 | 1 |
_aTeeth _xFiction. |
|
| 650 | 1 |
_aSchools _xFiction. |
|
| 650 | 1 | _aMystery and detective stories. | |
| 700 | 1 |
_aNatti, Susanna, _eillustrator |
|
| 906 |
_a7 _bcbc _corignew _d1 _eocip _f19 _gy-gencatlg |
||
| 942 |
_2ddc _cBK _n0 |
||
| 999 |
_c4613 _d4613 |
||